The art of war / (Record no. 2617)
[ view plain ]
| 000 -LEADER | |
|---|---|
| fixed length control field | 00913cam a2200217 4500 |
| 001 - CONTROL NUMBER | |
| control field | 3235 |
| 005 - DATE AND TIME OF LATEST TRANSACTION | |
| control field | 20230301170502.0 |
| 008 - FIXED-LENGTH DATA ELEMENTS--GENERAL INFORMATION | |
| fixed length control field | 111021s2012 nyu b 001 0 eng |
| 010 ## - LIBRARY OF CONGRESS CONTROL NUMBER | |
| LC control number | 2011044193 |
| 020 ## - INTERNATIONAL STANDARD BOOK NUMBER | |
| International Standard Book Number | 9780141045276 |
| International Standard Book Number | 978-0-486-42557-3 |
| 245 00 - TITLE STATEMENT | |
| Title | The art of war / |
| Statement of responsibility, etc. | Sun-Tzu. |
| 260 ## - PUBLICATION, DISTRIBUTION, ETC. | |
| Place of publication, distribution, etc. | New Delhi : |
| -- | New York: |
| Name of publisher, distributor, etc. | Penguin Books, |
| -- | Dover Publications, |
| Date of publication, distribution, etc. | 2009. |
| -- | 2002 |
| 300 ## - PHYSICAL DESCRIPTION | |
| Extent | 100 p. |
| 504 ## - BIBLIOGRAPHY, ETC. NOTE | |
| Bibliography, etc. note | Includes bibliographical references and index. |
| 505 0# - FORMATTED CONTENTS NOTE | |
| Formatted contents note | Introduction -- Chronology -- Mythological battles -- Antiquity to Christianization of the Roman Empire -- Dark and Middle Ages -- Early modern age to wars for European dominance -- The Napoleonic wars -- Conflicts of the 19th century -- The World Wars -- War and abstraction. |
| 650 #0 - SUBJECT ADDED ENTRY--TOPICAL TERM | |
| Topical term or geographic name entry element | War |
| Form subdivision | Quotations, maxims, etc. |
| Topical term or geographic name entry element | War in art. |
| 942 ## - ADDED ENTRY ELEMENTS (KOHA) | |
| Source of classification or shelving scheme | Dewey Decimal Classification |
| Koha item type | Main |
| Withdrawn status | Lost status | Source of classification or shelving scheme | Damaged status | Not for loan | Collection code | Home library | Current library | Shelving location | Date acquired | Serial Enumeration / chronology | Inventory number | Total Checkouts | Total Renewals | Full call number | Barcode | Checked out | Date last seen | Date last checked out | Price effective from | Koha item type |
|---|---|---|---|---|---|---|---|---|---|---|---|---|---|---|---|---|---|---|---|---|
| Dewey Decimal Classification | Main TEST | RTC Library | RTC Library | Main opac | 12/11/2021 | 5675 | 4 | 7 | 355.4 SUN | 30000189 | 29/05/2026 | 28/10/2025 | 28/10/2025 | 27/11/2018 | Main | |||||
| Dewey Decimal Classification | Main TEST | RTC Library | RTC Library | Main opac | 01/03/2023 | 177048 | 4 | 1 | 355.02 TZU | 30018600 | 10/03/2025 | 10/03/2025 | 01/03/2023 | Main |